000 01442nam a22002177a 4500
999 _c63077
_d63077
003 Ge_BSU
005 20250529172045.0
008 250529s2023 ge ||||| |||| 00| 0 geo d
020 _a9789941984921
041 _ageo
080 _a7.01(09) ლ-86
100 _aლოსევი, ალეკსეი
_914021
245 _aმხატვრული მსოფლშეგრძნების აგებულება = Строение художественного мироощущения ; ესთეტიკური მოძღვრებების ისტორია = История эстетических учений /
_cალეკსეი ლოსევი; რუსულიდან თარგმნა და ბოლოსიტყვა დაურთო ვიქტორ რცხილაძემ.
264 _aთბილისი :
_b Carpe diem,
_c2023.
300 _a154 გვ. ;
_b20 სმ.
504 _aბიბლიოგრაფია ტექსტის შენიშვნებში.
653 _aესთეტიკური მოძღვრების ისტორია
653 _a თარგმანები ქართულ ენაზე
700 _aრცხილაძე, ვიქტორ
_eმთარგმნელი, ბოლოსიტყვაობის ავტორი
_914022
942 _2udc
_cᲬᲘᲒᲜᲘ